000 00588nam a2200217 a 4500
001 0001-2595
003 ELIB.Books
008 200311 2010 eng
020 _a9781587432798
092 _a225.9
_bBin
100 _aBinz, Stephen J.
245 _aPeter Fisherman and Shepherd of the Church
260 _aGrand Rapids
_bBrazos Press
_c2011
300 _a168
_c22.8 cm
650 _aNew Testament
856 _nKBTS Library
_uKBTS Elib
942 _2ddc
_cBK
990 _a2
998 _aEnglishbooks.elf
_ccat
_e2020-03-11
_mcat
_u2020-05-26
999 _c12595
_d12595